00000000nam##2200000za#4500
0019.601676
003CaOODSP
00520210624210203
007cr |||||||||||
008150406|2002||||xxc|||||o    f|0| 0 fre|d
040 |aCaOODSP|bfre
043 |an-cn---
0861 |aYC17-0/372-7F-PDF 
1101 |aCanada. |bParlement. |bSénat. |bComité sénatorial permanent des affaires sociales, des sciences et de la technologie.
24510|aRapport sur le document intitulé Santé en français - pour un meilleur accès à des services de santé en français / |h[ressource électronique]|cL'honorable Michael J.L. Kirby, président ; l'honorable Marjory LeBreton, vice-présidente.
260 |aOttawa - Ontario : |bSénat. |cDécembre 2002.
300 |a37p.|bfigure, références, tableaux
4901 |aRapport du Comité sénatorial permanent des Affaires sociales, des sciences et de la technologie|v37e législature, 2e session, [7e rapport]
590 |a11-12-Supp|b2011-07-29
77508|tReport on the document entitled Santé en français - pour un meilleur accès à des services de santé en français (French-language healthcare - improving access to French-language health services) / |w(CaOODSP)9.571033
830#0|aRapport du Comité sénatorial permanent des affaires sociales, des sciences et de la technologie ;|v37e législature, 2e session, [7e rapport]|w(CaOODSP)9.501656
85640|ahttp://publications.gc.ca|qPDF|s270 Ko|uhttps://publications.gc.ca/collections/collection_2011/sen/yc17-0/YC17-0-372-7-fra.pdf|y37e législature, 2e session, [7e rapport]